000 00247nam a22000977a 4500
999 _c11737
_d11737
008 200113b ||||| |||| 00| 0 eng d
020 _a9780688149710
100 _aHoban Tana
_97425
245 _aLook Book
260 _aNew York
_bGreenwillow Books
_c1997